000
00312nam a2200133Ia 4500
008
100328s9999 xx 000 0 und d
082
_b
1818
100
_a
Aurobindo
245
_a
The Life Divine-I
260
_b
Arya Book Depot
630
_a
The Life Divine-I
730
_a
The Life Divine-I
942
_c
BOOK
999
_c
498065
_d
498062